[Event "1st Metropolitan International"]
[Site "Los Angeles"]
[Date "2011.08.19"]
[Round "5"]
[White "Wang, Philip Xiao"]
[Black "Hungaski, Robert"]
[Result "0-1"]
[WhiteElo "2371"]
[BlackElo "2495"]
[PlyCount "138"]
[EventDate "2011.08.17"]
[EventType "swiss"]
[EventRounds "9"]
[EventCountry "USA"]
[SourceDate "2011.08.22"]

1. d4 Nf6 2. c4 c5 3. d5 b5 4. cxb5 a6 5. f3 e6 6. e4 c4 7. Bxc4 Qc7 8. Bb3 Bc5
9. Ne2 O-O 10. Bg5 axb5 11. Na3 exd5 12. Bxf6 gxf6 13. Qxd5 Qa5+ 14. Kf1 d6 15.
Nf4 Nd7 16. Nh5 Kh8 17. Rd1 Nb6 18. Qd2 Qxd2 19. Rxd2 b4 20. Nc2 f5 21. Nf6 Kg7
22. Nd5 Nxd5 23. Bxd5 Ba6+ 24. Ke1 Rae8 25. Kd1 fxe4 26. Bxe4 f5 27. Bd5 f4 28.
Be4 h5 29. Kc1 h4 30. Rhd1 Re5 31. Kb1 Kf6 32. Nd4 Bc4 33. Nc6 Rg5 34. Na5 Be6
35. Nb7 Rfg8 36. Nxc5 dxc5 37. Rd6 Ke7 38. Rc6 Rxg2 39. Bh7 Rc8 40. Ra6 Re2 41.
Bd3 Re3 42. Be4 Rxe4 43. fxe4 Bc4 44. Rh6 f3 45. b3 Be2 46. Rdd6 f2 47. Rhe6+
Kf7 48. Rf6+ Ke7 49. Rxf2 Kxd6 50. Rxe2 Ke5 51. Kc2 Rd8 52. Rg2 Rd4 53. Rg5+
Kxe4 54. Rxc5 Ke3 55. Kc1 Rg4 56. Re5+ Kf3 57. h3 Rg2 58. Rb5 Rxa2 59. Rxb4 Kg3
60. Kd1 Kxh3 61. Ke1 Kg3 62. Rb8 Ra1+ 63. Ke2 h3 64. Rg8+ Kf4 65. Rf8+ Ke4 66.
Re8+ Kd5 67. Rd8+ Ke6 68. Re8+ Kd7 69. Rh8 h2 0-1

[Event "1st Metropolitan International"]
[Site "Los Angeles"]
[Date "2011.08.20"]
[Round "6"]
[White "Akopian, Robert"]
[Black "Zepeda, Lorena"]
[Result "1-0"]
[WhiteElo "2047"]
[BlackElo "2187"]
[PlyCount "83"]
[EventDate "2011.08.17"]
[EventType "swiss"]
[EventRounds "9"]
[EventCountry "USA"]
[SourceDate "2011.08.22"]

1. e4 c5 2. Nf3 d6 3. d4 cxd4 4. Nxd4 Nf6 5. Nc3 a6 6. Be3 e5 7. Nb3 Be6 8. f3
Be7 9. Qd2 O-O 10. O-O-O Nbd7 11. g4 b5 12. g5 b4 13. Ne2 Ne8 14. f4 a5 15. f5
a4 16. Nbd4 exd4 17. Nxd4 b3 18. Kb1 bxc2+ 19. Nxc2 Bb3 20. axb3 axb3 21. Na3
Ne5 22. Qg2 Kh8 23. h4 Ra4 24. Rh3 Qa8 25. Bd4 Nc7 26. Rxb3 Na6 27. Bb5 Ra5 28.
Rc1 Rc8 29. Rxc8+ Qxc8 30. Rc3 Qb7 31. Qc2 Kg8 32. f6 Bf8 33. Bxa6 Qxa6 34. Ka2
Qf1 35. fxg7 Kxg7 36. Rc7 Kg6 37. Qc3 Ra6 38. Bxe5 dxe5 39. Qxe5 Bg7 40. h5+
Kxh5 41. Qxg7 Rxa3+ 42. bxa3 1-0

[Event "1st Metropolitan International"]
[Site "Los Angeles"]
[Date "2011.08.20"]
[Round "6"]
[White "Bodek, Michael"]
[Black "Wang, Philip Xiao"]
[Result "1-0"]
[WhiteElo "2191"]
[BlackElo "2371"]
[PlyCount "106"]
[EventDate "2011.08.17"]
[EventType "swiss"]
[EventRounds "9"]
[EventCountry "USA"]
[SourceDate "2011.08.22"]

1. e4 c5 2. Nf3 Nc6 3. d4 cxd4 4. Nxd4 e6 5. Nc3 Qc7 6. g3 a6 7. Bg2 Nf6 8. O-O
Nxd4 9. Qxd4 Bc5 10. Bf4 d6 11. Qd3 Nd7 12. Na4 e5 13. Bd2 Bd4 14. Nc3 Nf6 15.
Ne2 Be6 16. Nxd4 Bc4 17. Qf3 Bxf1 18. Nf5 Bxg2 19. Nxg7+ Ke7 20. Kxg2 Ne8 21.
Nf5+ Kd7 22. Ne3 f6 23. Nd5 Qd8 24. Be3 Ke6 25. Bb6 Qc8 26. Qb3 Kf7 27. Nc7+
Ke7 28. Nxa8 Qxa8 29. Qc4 Rf8 30. Re1 Kd7 31. Rd1 Qc8 32. Qxc8+ Kxc8 33. c4 Kd7
34. a4 Kc6 35. a5 f5 36. exf5 Rxf5 37. Rd3 e4 38. Re3 Nf6 39. Bd4 d5 40. Bxf6
Rxf6 41. Rb3 Rf7 42. Rb6+ Kc5 43. cxd5 Kxd5 44. Kf1 Kd4 45. Ke2 h5 46. h4 Ke5
47. Rb3 Rc7 48. f3 exf3+ 49. Kxf3 Kf5 50. Rb6 Rg7 51. Rb4 Rd7 52. g4+ Ke5 53.
g5 Kf5 1-0

[Event "1st Metropolitan International"]
[Site "Los Angeles"]
[Date "2011.08.20"]
[Round "6"]
[White "Bojkov, Dejan"]
[Black "Barnett, Alex"]
[Result "1-0"]
[WhiteElo "2544"]
[BlackElo "2254"]
[PlyCount "109"]
[EventDate "2011.08.17"]
[EventType "swiss"]
[EventRounds "9"]
[EventCountry "USA"]
[SourceDate "2011.08.22"]

1. e4 c5 2. Nf3 e6 3. d4 cxd4 4. Nxd4 a6 5. f4 Nf6 6. e5 Ne4 7. Qf3 d5 8. exd6
Nf6 9. Nc3 Bxd6 10. Be3 O-O 11. O-O-O Qc7 12. Bd3 Nbd7 13. g4 Nc5 14. g5 Nxd3+
15. Rxd3 Nd7 16. Rhd1 Bc5 17. Nb3 Rb8 18. Ne4 b6 19. Nd6 Bxd6 20. Rxd6 Bb7 21.
Qh3 Rfd8 22. R6d2 Bd5 23. f5 Ne5 24. f6 Qc6 25. Qg3 Ng6 26. Qf2 a5 27. a3 Qc7
28. Kb1 a4 29. Nc1 b5 30. Nd3 b4 31. Nxb4 Rxb4 32. axb4 Qc4 33. Rxd5 exd5 34.
Rd4 Qc6 35. fxg7 a3 36. bxa3 Ne5 37. Qf6 Qe8 38. Bc1 Nc4 39. g6 fxg6 40. Rf4
Nd6 41. Bb2 Nf5 42. h4 Rc8 43. h5 Rc6 44. Qf8+ Qxf8 45. gxf8=Q+ Kxf8 46. b5 Re6
47. a4 Ke7 48. hxg6 hxg6 49. a5 Kd7 50. Bd4 Kd6 51. Bf2 d4 52. b6 Re5 53. Bxd4
Rxa5 54. Bf2 Re5 55. Rb4 1-0

[Event "1st Metropolitan International"]
[Site "Los Angeles"]
[Date "2011.08.20"]
[Round "6"]
[White "Clawitter, Craig"]
[Black "Cherniack, Alex"]
[Result "1/2-1/2"]
[WhiteElo "2118"]
[BlackElo "2262"]
[PlyCount "81"]
[EventDate "2011.08.17"]
[EventType "swiss"]
[EventRounds "9"]
[EventCountry "USA"]
[SourceDate "2011.08.22"]

1. e4 e5 2. Nc3 Nf6 3. g3 Bc5 4. Bg2 O-O 5. Nge2 c6 6. O-O d5 7. exd5 cxd5 8.
d4 exd4 9. Nxd4 Bg4 10. Qd3 Nc6 11. Nxc6 bxc6 12. Na4 Bd6 13. c4 Re8 14. Be3
Qa5 15. Nc3 Be5 16. Bd4 dxc4 17. Qxc4 Bxd4 18. Qxd4 c5 19. Qf4 Rad8 20. Ne4
Nxe4 21. Qxg4 Nf6 22. Qf5 Qb4 23. Rac1 c4 24. Rc2 Rd4 25. Bf3 Ne4 26. Re2 g6
27. Qf4 f5 28. Rfe1 Qb8 29. Bxe4 Qxf4 30. gxf4 Rexe4 31. Rxe4 fxe4 32. Re3 Rd2
33. b3 cxb3 34. axb3 Rd4 35. Rc3 a5 36. Rc5 a4 37. bxa4 Rxa4 38. h4 Ra3 39. Re5
Rh3 40. Kg2 Rxh4 41. Kg3 1/2-1/2

[Event "1st Metropolitan International"]
[Site "Los Angeles"]
[Date "2011.08.20"]
[Round "6"]
[White "Gurevich, Dmitry"]
[Black "Lee, Michael"]
[Result "0-1"]
[WhiteElo "2479"]
[BlackElo "2395"]
[PlyCount "148"]
[EventDate "2011.08.17"]
[EventType "swiss"]
[EventRounds "9"]
[EventCountry "USA"]
[SourceDate "2011.08.22"]

1. d4 Nf6 2. c4 g6 3. Nc3 Bg7 4. e4 d6 5. Nf3 O-O 6. Be2 e5 7. O-O Nc6 8. d5
Ne7 9. Ne1 Nd7 10. Be3 f5 11. f3 f4 12. Bf2 g5 13. Rc1 Rf6 14. Nd3 Rh6 15. Be1
Rg6 16. b4 h5 17. c5 Nf6 18. Nb5 Ne8 19. Nf2 Kh8 20. h3 Ng8 21. a4 Nh6 22. cxd6
cxd6 23. Qc2 Bd7 24. Qb3 a6 25. Na3 Nf6 26. Nc4 g4 27. hxg4 hxg4 28. fxg4 Nfxg4
29. a5 Qg5 30. Nh3 Qe7 31. Rf3 Bb5 32. Bf1 Rg8 33. Nf2 Bf6 34. Rh3 Ne3 35. Nxe3
fxe3 36. Ng4 Rxg4 37. Rxh6+ Kg7 38. Qxe3 Rf4 39. Bxb5 Kxh6 40. Be2 Bh4 41. Qh3
Kg7 42. Bd2 Bf2+ 43. Kf1 Rh8 44. Bh5 Be3+ 45. Ke2 Rf2+ 46. Kxe3 Qg5+ 47. Kxf2
Qxd2+ 48. Kg1 Qxc1+ 49. Kh2 Qg5 50. Qd7+ Kh6 51. Bg4 Rd8 52. Qe6+ Kg7 53. Bh3
Qf6 54. Qg4+ Qg6 55. Qh4 Rf8 56. Qe7+ Rf7 57. Qh4 Qh6 58. Qg4+ Kh7 59. Qe2 Qf4+
60. Kg1 Rc7 61. Qh5+ Kg7 62. Bg4 Qe3+ 63. Kf1 Rc1+ 64. Bd1 Qd3+ 65. Kf2 Qd2+
66. Kg3 Qe3+ 67. Bf3 Qf4+ 68. Kf2 Rc2+ 69. Kg1 Qe3+ 70. Kh2 Qh6 71. Kg3 Qxh5
72. Bxh5 Rc4 73. Bf3 Rxb4 74. Kh4 Kg6 0-1

[Event "1st Metropolitan International"]
[Site "Los Angeles"]
[Date "2011.08.20"]
[Round "6"]
[White "Hall, Bobby"]
[Black "Hamzah, Amier"]
[Result "1/2-1/2"]
[WhiteElo "2044"]
[BlackElo "1800"]
[PlyCount "129"]
[EventDate "2011.08.17"]
[EventType "swiss"]
[EventRounds "9"]
[EventCountry "USA"]
[SourceDate "2011.08.22"]

1. e4 e6 2. d4 d5 3. Nd2 c5 4. Ngf3 cxd4 5. Nxd4 a6 6. Be2 dxe4 7. Nxe4 Nf6 8.
Nxf6+ Qxf6 9. O-O Be7 10. c3 O-O 11. Bf3 e5 12. Nb3 Nc6 13. Qe2 Bf5 14. Re1
Rad8 15. Be4 Bxe4 16. Qxe4 Qe6 17. Be3 f5 18. Qc2 f4 19. Bb6 Rc8 20. Qe2 Rf6
21. Nd2 Kh8 22. f3 g5 23. Ne4 Rg6 24. Nf2 Bd6 25. b3 Kg7 26. Rad1 h5 27. Ne4
Be7 28. Rd3 g4 29. Red1 gxf3 30. Qxf3 Kh6 31. Qh3 Qg8 32. Nd6 Bxd6 33. Rxd6 Rf8
34. Bc5 Rff6 35. Rxf6 Rxf6 36. Qf3 Qg6 37. Re1 Qf5 38. b4 Qg4 39. Qd5 f3 40.
Qd2+ Kg7 41. Kh1 Rg6 42. Rg1 e4 43. Qf2 fxg2+ 44. Qxg2 Qxg2+ 45. Rxg2 Rxg2 46.
Kxg2 Kg6 47. Kf2 Kf5 48. a4 Ne5 49. Bd6 Nc4 50. Bc5 Nb2 51. Bd4 b5 52. axb5
axb5 53. h3 Nc4 54. Ba7 Kg5 55. Kg3 Ne5 56. Be3+ Kf5 57. Ba7 Ng6 58. Bb6 Ke5
59. Kf2 Kd5 60. Ke3 Ne5 61. Bd4 Nc4+ 62. Kf4 Nd2 63. Be3 Nc4 64. Bd4 Nd2 65.
Be3 1/2-1/2

[Event "1st Metropolitan International"]
[Site "Los Angeles"]
[Date "2011.08.20"]
[Round "6"]
[White "Heiserman, Jimmy"]
[Black "Ginsburg, Mark"]
[Result "0-1"]
[WhiteElo "2111"]
[BlackElo "2387"]
[PlyCount "56"]
[EventDate "2011.08.17"]
[EventType "swiss"]
[EventRounds "9"]
[EventCountry "USA"]
[SourceDate "2011.08.22"]

1. d4 Nf6 2. c4 e6 3. g3 c5 4. d5 exd5 5. cxd5 d6 6. Nc3 g6 7. Bg2 Bg7 8. Nf3
O-O 9. O-O a6 10. a4 Nbd7 11. h3 Rb8 12. a5 Ne8 13. Nd2 Nc7 14. Nc4 Qe7 15.
Nxd6 Qxd6 16. Ne4 Qxd5 17. Nf6+ Nxf6 18. Bxd5 Ncxd5 19. e4 Nb4 20. Bf4 Ra8 21.
Qf3 Bxh3 22. Rfc1 Bg4 23. Qe3 Rfe8 24. f3 Nxe4 25. Kg2 Ng5 26. Qxc5 Nxf3 27.
Qxb4 Re2+ 28. Kf1 Rae8 0-1

[Event "1st Metropolitan International"]
[Site "Los Angeles"]
[Date "2011.08.20"]
[Round "6"]
[White "Hungaski, Robert"]
[Black "Ruck, Robert"]
[Result "1/2-1/2"]
[WhiteElo "2495"]
[BlackElo "2569"]
[PlyCount "149"]
[EventDate "2011.08.17"]
[EventType "swiss"]
[EventRounds "9"]
[EventCountry "USA"]
[SourceDate "2011.08.22"]

1. e4 d6 2. d4 Nf6 3. f3 e5 4. Be3 exd4 5. Qxd4 Nc6 6. Bb5 Bd7 7. Bxc6 bxc6 8.
Nc3 c5 9. Qd2 Qb8 10. O-O-O Qb4 11. a3 Qb7 12. e5 Rb8 13. b3 dxe5 14. Ne4 Qc6
15. Qc3 Nxe4 16. Qxe5+ Be6 17. Qxe4 Qxe4 18. fxe4 a5 19. Bd2 c4 20. b4 axb4 21.
Bxb4 Bxb4 22. axb4 Rxb4 23. Ne2 Ke7 24. Nc3 c6 25. Kd2 Rb2 26. Ra1 Rd8+ 27. Kc1
Rb6 28. Rd1 Rxd1+ 29. Kxd1 Kd6 30. Ra5 Rb2 31. Kc1 Rb7 32. Kd2 Kc7 33. Ra6 Rb2
34. g3 Kb7 35. Ra1 Kc7 36. Ra6 Kd6 37. Ra5 h6 38. h4 Kc7 39. Ra7+ Kd6 40. Ra5
Rb7 41. Ke3 Kc7 42. Kd4 Kb6 43. Ra1 Rd7+ 44. Ke3 Kc5 45. Ra8 Kb4 46. Na2+ Kc5
47. Nc3 Kb4 48. Na2+ Kb5 49. Nc3+ Kc5 50. Ra6 Bg4 51. Ra8 Bd1 52. Nxd1 Rxd1 53.
Ra7 Re1+ 54. Kf2 Rc1 55. Rxf7 Rxc2+ 56. Ke1 Rg2 57. Rxg7 c3 58. Kd1 Kd4 59. Kc1
c5 60. e5 Re2 61. Rd7+ Kc4 62. Rh7 Re1+ 63. Kc2 Re2+ 64. Kc1 Rxe5 65. Rxh6 Re1+
66. Kc2 Re2+ 67. Kc1 Rg2 68. Rg6 Rg1+ 69. Kc2 Rg2+ 70. Kc1 Kd3 71. Rd6+ Kc4 72.
Rg6 Kb3 73. Rb6+ Kc4 74. Rg6 Rg1+ 75. Kc2 1/2-1/2

[Event "1st Metropolitan International"]
[Site "Los Angeles"]
[Date "2011.08.20"]
[Round "6"]
[White "Kelley, Dereque"]
[Black "Ravichandran, Siddharth"]
[Result "1-0"]
[WhiteElo "2203"]
[BlackElo "2387"]
[PlyCount "131"]
[EventDate "2011.08.17"]
[EventType "swiss"]
[EventRounds "9"]
[EventCountry "USA"]
[SourceDate "2011.08.22"]

1. d4 d5 2. c4 c6 3. Nc3 Nf6 4. e3 e6 5. Nf3 Nbd7 6. Qc2 Bd6 7. Bd3 O-O 8. O-O
dxc4 9. Bxc4 b5 10. Be2 Bb7 11. Rd1 Qb8 12. e4 e5 13. dxe5 Nxe5 14. Nd4 Ng6 15.
g3 Re8 16. Bg5 Be5 17. Nf5 Bxc3 18. Qxc3 b4 19. Qxb4 Nxe4 20. Be3 c5 21. Qb5 a6
22. Qb3 Qc7 23. f3 Rab8 24. fxe4 Bxe4 25. Nxg7 Kxg7 26. Qc3+ Qe5 27. Qxc5 Rxb2
28. Bd4 Rxe2 29. Re1 Rg2+ 30. Kf1 Rc2 31. Bxe5+ Rxe5 32. Qd4 Bg2+ 33. Kg1 f6
34. Qd7+ Kh6 35. Qd3 Rec5 36. Rac1 Ne5 37. Qxc2 Nf3+ 38. Kf2 Rxc2+ 39. Rxc2
Nxe1 40. Kxe1 Bd5 41. Rd2 Bc4 42. a4 Kg5 43. Rd4 Bb3 44. Rf4 f5 45. Kd2 h5 46.
Kc3 Bd1 47. Kb4 Be2 48. Ka5 Bd3 49. h4+ Kf6 50. Rd4 Be2 51. Rd6+ Ke5 52. Rxa6
Bxa6 53. Kxa6 Ke4 54. Kb6 Kf3 55. a5 Kxg3 56. a6 Kxh4 57. a7 Kg3 58. a8=Q f4
59. Qg8+ Kf2 60. Qg5 f3 61. Kc5 Ke2 62. Qxh5 Ke3 63. Qe5+ Kd3 64. Qd4+ Ke2 65.
Qe4+ Kf2 66. Kd4 1-0

[Event "1st Metropolitan International"]
[Site "Los Angeles"]
[Date "2011.08.20"]
[Round "6"]
[White "Kretchetov, Alexandre"]
[Black "Kavutskiy, Konstantin"]
[Result "0-1"]
[WhiteElo "2340"]
[BlackElo "2225"]
[PlyCount "88"]
[EventDate "2011.08.17"]
[EventType "swiss"]
[EventRounds "9"]
[EventCountry "USA"]
[SourceDate "2011.08.22"]

1. d4 Nf6 2. c4 e6 3. Nc3 Bb4 4. f3 c5 5. d5 b5 6. e4 O-O 7. Nge2 bxc4 8. a3
Ba5 9. Nf4 e5 10. Nh3 d6 11. Nf2 Ba6 12. Bd2 Qb6 13. Qc1 Nbd7 14. Be2 Rab8 15.
Rb1 Bxc3 16. Bxc3 Qb7 17. O-O Nb6 18. f4 Nfd7 19. Ng4 f5 20. exf5 e4 21. Ne3
Nxd5 22. Nxd5 Qxd5 23. Rd1 Qc6 24. Qd2 Rb6 25. Ba5 c3 26. Bxc3 Bxe2 27. Qxe2 d5
28. b4 Rxf5 29. Rbc1 c4 30. Bd4 Rb8 31. Qe3 Rbf8 32. Bxa7 Rxf4 33. Bd4 Qg6 34.
Rf1 Rf3 35. Qe2 Rxa3 36. Rxf8+ Nxf8 37. b5 Ne6 38. Qb2 Rb3 39. Qa1 Qe8 40. b6
Nxd4 41. Qxd4 Qc6 42. Qe5 Rxb6 43. Rd1 Rb5 44. Qe7 Qc5+ 0-1

[Event "1st Metropolitan International"]
[Site "Los Angeles"]
[Date "2011.08.20"]
[Round "6"]
[White "Kurosaki, Takashi"]
[Black "Duckworth, William"]
[Result "0-1"]
[WhiteElo "2131"]
[BlackElo "2352"]
[PlyCount "154"]
[EventDate "2011.08.17"]
[EventType "swiss"]
[EventRounds "9"]
[EventCountry "USA"]
[SourceDate "2011.08.22"]

1. c4 e5 2. g3 g6 3. Bg2 Bg7 4. Nc3 Nc6 5. d3 d6 6. e4 Nge7 7. Nge2 O-O 8. O-O
f5 9. f4 Rb8 10. Nd5 fxe4 11. dxe4 Bg4 12. h3 Bxe2 13. Qxe2 Nd4 14. Qd3 c5 15.
Be3 Nxd5 16. cxd5 Bh6 17. Rf2 Qa5 18. b3 Rf7 19. Raf1 Rbf8 20. f5 Bxe3 21. Qxe3
gxf5 22. exf5 Nxf5 23. Qg5+ Ng7 24. Rxf7 Rxf7 25. h4 Rxf1+ 26. Kxf1 Qc7 27. Be4
h5 28. Kg2 Kf8 29. Qf6+ Kg8 30. Qh6 Qe7 31. Bg6 Qf6 32. Qh7+ Kf8 33. Bxh5 e4
34. Bg4 e3 35. Qc2 Qd4 36. Qd1 Qe5 37. Qf3+ Kg8 38. Kh3 Kh7 39. Kg2 b5 40. Kh3
c4 41. bxc4 bxc4 42. Qd1 Kh6 43. Kg2 Qb2+ 44. Kh3 Qe5 45. Kh2 Ne8 46. Bf3 Nf6
47. Qc2 c3 48. Qd3 Nd7 49. h5 Nf8 50. Kg2 Kg7 51. Be4 Nd7 52. h6+ Kxh6 53.
Qxe3+ Kg7 54. Qf3 Nf6 55. Bf5 Qxd5 56. Qxd5 Nxd5 57. Kf2 Kf6 58. Bh7 Ke5 59.
Ke2 Nf6 60. Bc2 Kd4 61. Kf3 d5 62. Ke2 Ng4 63. Bb3 Ne5 64. g4 Nxg4 65. Bxd5
Kxd5 66. Kd3 Kc5 67. Kxc3 Ne5 68. Kb3 Kb5 69. Kc3 Ka4 70. Kb2 Nc6 71. Kb1 Ka3
72. Ka1 Nb4 73. Kb1 Nxa2 74. Ka1 Kb3 75. Kb1 Nb4 76. Ka1 a5 77. Kb1 a4 0-1

[Event "1st Metropolitan International"]
[Site "Los Angeles"]
[Date "2011.08.20"]
[Round "6"]
[White "Liou, Yian"]
[Black "Steinfl, Alessandro"]
[Result "1-0"]
[WhiteElo "2299"]
[BlackElo "2164"]
[PlyCount "91"]
[EventDate "2011.08.17"]
[EventType "swiss"]
[EventRounds "9"]
[EventCountry "USA"]
[SourceDate "2011.08.22"]

1. e4 d5 2. exd5 Qxd5 3. Nc3 Qa5 4. d4 Nf6 5. Nf3 Bf5 6. Bc4 e6 7. Bd2 c6 8.
Ne4 Qc7 9. Ng3 Bg4 10. h3 Bxf3 11. Qxf3 Bd6 12. Nh5 Nxh5 13. Qxh5 Nd7 14. Qg4
O-O-O 15. O-O-O Nb6 16. Bb3 g6 17. Bg5 Be7 18. Rhe1 h5 19. Qh4 Bxg5+ 20. Qxg5
Nd5 21. h4 Qf4+ 22. Qxf4 Nxf4 23. g3 Nd5 24. Rd3 Ne7 25. Rf3 Nf5 26. c3 Rd7 27.
Bc2 Nd6 28. Bd3 Rhd8 29. Kc2 Rc7 30. Re5 Kd7 31. c4 Ke7 32. Kb3 Ne8 33. Kc3 Nf6
34. Rf4 Rcd7 35. Be2 Rd6 36. Ra5 a6 37. Re5 Ng8 38. Bf1 f6 39. Re1 c5 40. dxc5
Rd2 41. Rfe4 Rxf2 42. Rxe6+ Kf7 43. Rd6 Rf3+ 44. Kb4 Ne7 45. Bg2 Rxd6 46. Rxe7+
1-0

[Event "1st Metropolitan International"]
[Site "Los Angeles"]
[Date "2011.08.20"]
[Round "6"]
[White "Liu, Elliott"]
[Black "Huang, Vincent"]
[Result "1-0"]
[WhiteElo "2291"]
[BlackElo "2128"]
[PlyCount "119"]
[EventDate "2011.08.17"]
[EventType "swiss"]
[EventRounds "9"]
[EventCountry "USA"]
[SourceDate "2011.08.22"]

1. e4 e5 2. Nf3 Nc6 3. Bc4 Bc5 4. c3 Nf6 5. d3 d6 6. Bb3 a6 7. Nbd2 Ba7 8. h3
Qe7 9. Nf1 Be6 10. Ng3 O-O-O 11. Ba4 Nb8 12. O-O h6 13. d4 g5 14. d5 g4 15. Nh2
Bd7 16. Bxd7+ Nbxd7 17. Nxg4 Nxe4 18. Nf5 Qe8 19. Bxh6 Rg8 20. Bg7 Ng3 21. Ngh6
Nxf5 22. Nxf5 f6 23. Qf3 Kb8 24. Bh6 Qf7 25. Be3 Rh8 26. b4 Rde8 27. Qe4 Qh7
28. Rfe1 Reg8 29. Kh2 Nb6 30. Rad1 Ka8 31. c4 Nxc4 32. Bxa7 Kxa7 33. Rd3 Nb6
34. Rc1 Rg5 35. g4 Rhg8 36. Rg3 Rc8 37. Nxd6 Qxe4 38. Nxe4 Rg6 39. Rd3 Kb8 40.
Nc5 Rd8 41. Rcd1 Nc4 42. Ne6 Rh8 43. Rg3 Nd6 44. Kg2 Rgg8 45. Rc1 Rh7 46. Re1
Rd7 47. g5 Nf5 48. gxf6 Nxg3 49. fxg3 Rf7 50. Rf1 Rg6 51. Nc5 Kc8 52. Ne4 Kd7
53. g4 c6 54. d6 Ke6 55. Rd1 Kd7 56. Nc5+ Kd8 57. d7 Rgxf6 58. Nxb7+ Kc7 59.
d8=Q+ Kxb7 60. Rd7+ 1-0

[Event "1st Metropolitan International"]
[Site "Los Angeles"]
[Date "2011.08.20"]
[Round "6"]
[White "Manukyan, Garush"]
[Black "Bercys, Salvijus"]
[Result "1/2-1/2"]
[WhiteElo "2292"]
[BlackElo "2487"]
[PlyCount "52"]
[EventDate "2011.08.17"]
[EventType "swiss"]
[EventRounds "9"]
[EventCountry "USA"]
[SourceDate "2011.08.22"]

1. d4 Nf6 2. Nf3 g6 3. c4 Bg7 4. Nc3 O-O 5. Bg5 d6 6. e3 c5 7. Be2 Nbd7 8. O-O
h6 9. Bh4 g5 10. Bg3 Nh5 11. Qc2 Nxg3 12. hxg3 e6 13. Rad1 Qe7 14. Bd3 Rb8 15.
d5 a6 16. dxe6 fxe6 17. Ne4 d5 18. cxd5 exd5 19. Nc3 Bxc3 20. Qxc3 b5 21. Be2
Bb7 22. Rd2 Qg7 23. Qxg7+ Kxg7 24. e4 Nb6 25. exd5 Bxd5 26. Ne5 Rb7 1/2-1/2

[Event "1st Metropolitan International"]
[Site "Los Angeles"]
[Date "2011.08.20"]
[Round "6"]
[White "Marmont, Benjamin"]
[Black "Melekhina, Alisa"]
[Result "0-1"]
[WhiteElo "2154"]
[BlackElo "2263"]
[PlyCount "56"]
[EventDate "2011.08.17"]
[EventType "swiss"]
[EventRounds "9"]
[EventCountry "USA"]
[SourceDate "2011.08.22"]

1. e4 c5 2. Nf3 Nc6 3. d4 cxd4 4. Nxd4 Nf6 5. Nc3 e5 6. Ndb5 d6 7. Bg5 a6 8.
Na3 b5 9. Bxf6 gxf6 10. Nd5 Bg7 11. Bd3 Ne7 12. Nxe7 Qxe7 13. c4 f5 14. O-O O-O
15. Qe2 Bb7 16. cxb5 fxe4 17. Bxe4 d5 18. Bd3 axb5 19. Bxb5 e4 20. Rac1 d4 21.
Rfe1 Qg5 22. Rc7 d3 23. Qd1 Bd5 24. Bc6 e3 25. Bxd5 exf2+ 26. Kxf2 Qxd5 27.
Ree7 Qd4+ 28. Kf1 Ra6 0-1

[Event "1st Metropolitan International"]
[Site "Los Angeles"]
[Date "2011.08.20"]
[Round "6"]
[White "Mateer, Amanda"]
[Black "Sinanan, Joshua"]
[Result "1/2-1/2"]
[WhiteElo "2096"]
[BlackElo "2273"]
[PlyCount "59"]
[EventDate "2011.08.17"]
[EventType "swiss"]
[EventRounds "9"]
[EventCountry "USA"]
[SourceDate "2011.08.22"]

1. d4 Nf6 2. c4 e6 3. Nf3 b6 4. g3 Ba6 5. Qc2 Bb4+ 6. Bd2 Be7 7. Bg2 d5 8. Ne5
O-O 9. Nc3 c6 10. cxd5 cxd5 11. O-O Bb7 12. Rac1 a6 13. e4 dxe4 14. Nxe4 Nd5
15. a3 Ra7 16. f4 Nf6 17. Be3 Nd5 18. Bd2 f6 19. Nf3 Qd7 20. Qb3 Nxf4 21. Nxf6+
Bxf6 22. Bxf4 Bd5 23. Qc2 Nc6 24. Ne5 Bxe5 25. Bxe5 Rxf1+ 26. Rxf1 h6 27. Be4
Bxe4 28. Qxe4 Qd5 29. Qxd5 exd5 30. Rc1 1/2-1/2

[Event "1st Metropolitan International"]
[Site "Los Angeles"]
[Date "2011.08.20"]
[Round "6"]
[White "Matikozyan, Andranik"]
[Black "Kiewra, Keaton"]
[Result "1/2-1/2"]
[WhiteElo "2451"]
[BlackElo "2351"]
[PlyCount "41"]
[EventDate "2011.08.17"]
[EventType "swiss"]
[EventRounds "9"]
[EventCountry "USA"]
[SourceDate "2011.08.22"]

1. e4 c5 2. Nf3 d6 3. Nc3 Nf6 4. d4 cxd4 5. Nxd4 g6 6. Bc4 Bg7 7. O-O O-O 8.
Re1 Nc6 9. Bg5 Bd7 10. Bb3 Rc8 11. Qd2 Na5 12. Rad1 Nxb3 13. axb3 Bc6 14. Nxc6
bxc6 15. Ra1 Rc7 16. Ra6 Qd7 17. Rea1 Rd8 18. Be3 d5 19. exd5 Nxd5 20. Nxd5
Qxd5 21. Qxd5 1/2-1/2

[Event "1st Metropolitan International"]
[Site "Los Angeles"]
[Date "2011.08.20"]
[Round "6"]
[White "Molner, Mackenzie"]
[Black "Akobian, Varuzhan"]
[Result "1/2-1/2"]
[WhiteElo "2447"]
[BlackElo "2613"]
[PlyCount "151"]
[EventDate "2011.08.17"]
[EventType "swiss"]
[EventRounds "9"]
[EventCountry "USA"]
[SourceDate "2011.08.22"]

1. e4 e6 2. d4 d5 3. Nc3 Nf6 4. e5 Nfd7 5. f4 c5 6. Nf3 Nc6 7. Be3 a6 8. Qd2 b5
9. Be2 Be7 10. O-O O-O 11. Nd1 b4 12. Nf2 a5 13. c4 bxc3 14. bxc3 Ba6 15. Rfc1
cxd4 16. cxd4 Qc8 17. Bxa6 Qxa6 18. f5 exf5 19. Qc2 Nd8 20. Qxf5 Ne6 21. Ng4
Rac8 22. Rxc8 Rxc8 23. Rf1 Nef8 24. Bg5 Qg6 25. Ne3 Qxf5 26. Nxf5 Bb4 27. Bd2
g6 28. Ne3 Bxd2 29. Nxd2 Ne6 30. Nf3 Nb6 31. Rb1 Rc6 32. Rb5 a4 33. Nxd5 Nxd5
34. Rxd5 Rc1+ 35. Kf2 Rc2+ 36. Ke3 Rxg2 37. Ra5 Rxa2 38. d5 Nf8 39. Ra8 Kg7 40.
Ra7 Kg8 41. Ra8 Kg7 42. Ra7 Kg8 43. d6 a3 44. d7 Nxd7 45. Rxd7 Ra1 46. Ra7 a2
47. Kf2 h6 48. Kg2 Kf8 49. h3 Kg8 50. h4 Kf8 51. Kf2 Kg8 52. Kg3 Kf8 53. Kg2
Kg8 54. Nh2 Kg7 55. Nf3 Kg8 56. Kf2 Kf8 57. Nd2 Ke8 58. Nf1 Kf8 59. Ne3 Rh1 60.
Rxa2 Rxh4 61. Kf3 Rh3+ 62. Ke4 Rh4+ 63. Kd5 h5 64. Rf2 Ke7 65. Nc4 Rh1 66. Nd6
Rd1+ 67. Ke4 Re1+ 68. Kd4 Rd1+ 69. Kc3 g5 70. Nxf7 g4 71. Ng5 g3 72. Rf7+ Ke8
73. Rg7 g2 74. Nf3 Rf1 75. Rxg2 Rxf3+ 76. Kd4 1/2-1/2

[Event "1st Metropolitan International"]
[Site "Los Angeles"]
[Date "2011.08.20"]
[Round "6"]
[White "Panjwani, Raja"]
[Black "Amanov, Mesgen"]
[Result "0-1"]
[WhiteElo "2420"]
[BlackElo "2544"]
[PlyCount "60"]
[EventDate "2011.08.17"]
[EventType "swiss"]
[EventRounds "9"]
[EventCountry "USA"]
[SourceDate "2011.08.22"]

1. d4 d5 2. c4 e6 3. Nf3 Nf6 4. Nc3 c6 5. Bg5 dxc4 6. a4 Bb4 7. e4 b5 8. e5 h6
9. exf6 hxg5 10. fxg7 Rg8 11. g3 Bb7 12. Bg2 c5 13. O-O g4 14. Nh4 Bxg2 15.
Nxg2 cxd4 16. Nxb5 Nc6 17. Qe2 Rc8 18. Qxc4 Rxg7 19. Nxa7 Nxa7 20. Qxb4 Nc6 21.
Qb5 Rg5 22. Qd3 Ne5 23. Qe4 Nf3+ 24. Kh1 Nd2 25. Qh7 Nxf1 26. Qh8+ Kd7 27.
Qxd4+ Rd5 28. Qxg4 Nd2 29. Rd1 Rd6 30. Qh5 Ne4 0-1

[Event "1st Metropolitan International"]
[Site "Los Angeles"]
[Date "2011.08.20"]
[Round "6"]
[White "Peters, Jack"]
[Black "Jayakumar, Adarsh"]
[Result "0-1"]
[WhiteElo "2377"]
[BlackElo "2177"]
[PlyCount "78"]
[EventDate "2011.08.17"]
[EventType "swiss"]
[EventRounds "9"]
[EventCountry "USA"]
[SourceDate "2011.08.22"]

1. e4 c5 2. Nf3 d6 3. d4 cxd4 4. Nxd4 Nf6 5. Nc3 a6 6. a4 e6 7. f4 Qc7 8. Be2
Nc6 9. Be3 Be7 10. O-O O-O 11. Kh1 Re8 12. Bf3 Na5 13. Qe1 Bf8 14. Qg3 Nc4 15.
Bc1 Bd7 16. Nde2 Bc6 17. b3 Na5 18. Be3 b6 19. Rad1 Nd7 20. Bc1 Rab8 21. Bb2 b5
22. axb5 axb5 23. Rd2 b4 24. Nd1 Bb5 25. Ne3 Nc6 26. Rfd1 Kh8 27. Rxd6 Nc5 28.
R6d2 Ra8 29. Nd4 Nxd4 30. Bxd4 Ra2 31. Ng4 Nd7 32. c4 Rxd2 33. Rxd2 Bc6 34. Ne5
Nxe5 35. Bxe5 Qa7 36. Qe1 f5 37. exf5 Bxf3 38. gxf3 Qa3 39. Rg2 Qxb3 0-1